Football Teams Roberto Carlos Played For - Statistics

General Stats
  • This quiz has been taken 60 times
  • The average score is 4 of 7
Answer Stats
League Years Team % Correct
Spain 1996-2007 Real Madrid
98%
Italy 1995-1996 Inter
80%
Turkey 2007-2010 Fenerbahçe SK
57%
Russia 2011-2012 FC Anzhi Makhachkala
39%
Brazil 2010-2011 SC Corinthians
33%
Brazil 1993-1995 SE Palmeiras
33%
India 2015-2016 Delhi Dynamos
22%
No matching quizzes found
Score Distribution
Percent of People with Each Score
Percentile by Number Answered
Your Score History
You have not taken this quiz